Normal view
MARC view
- Khan Chodary, Mehmood
Entry Personal Name
001 - CONTROL NUMBER
- control field: 16481
003 - CONTROL NUMBER IDENTIFIER
- control field: NUST
005 - DATE AND TIME OF LATEST TRANSACTION
- control field: 20190703060219.0
008 - FIXED-LENGTH DATA ELEMENTS
- fixed length control field: 190703|| aca||aabn | a|a d
040 ## - CATALOGING SOURCE
- Original cataloging agency: NUST
- Transcribing agency: NUST
100 ## - HEADING--PERSONAL NAME
- Personal name: Khan Chodary, Mehmood
670 ## - SOURCE DATA FOUND
- Source citation: Work cat.: (NUST): Khan Chodary, Mehmood, Tzkara Sofia e Izam /, 2013.
